书目信息 |
| 题名: |
Excel电商数据分析与应用
|
|
| 作者: | 蒋长兵 , 陈海城 , 朱景伟 编著 | |
| 分册: | ||
| 出版信息: | 北京 人民邮电出版社 2024.08 |
|
| 页数: | 248页 | |
| 开本: | 26cm | |
| 丛书名: | 大数据应用人才能力培养新形态系列 | |
| 单 册: | ||
| 中图分类: | F713.36 , TP274 | |
| 科图分类: | ||
| 主题词: | 表处理软件--应用--电子商务--数据处理 | |
| 电子资源: | ||
| ISBN: | 978-7-115-63836-6 | |
| 000 | 01294oam2 2200313 450 | |
| 001 | 01132444 | |
| 005 | 20251022181631.60 | |
| 010 | @a978-7-115-63836-6@dCNY59.80 | |
| 100 | @a20240827d2024 em y0chiy0120 ea | |
| 101 | 0 | @achi |
| 102 | @aCN@b110000 | |
| 105 | @aak z 000yy | |
| 106 | @ar | |
| 200 | 1 | @aExcel电商数据分析与应用@9excel dian shang shu ju fen xi yu ying yong@e微课版@f蒋长兵,陈海城,朱景伟编著 |
| 205 | @a2版 | |
| 210 | @a北京@c人民邮电出版社@d2024.08 | |
| 215 | @a248页@c图@d26cm | |
| 225 | 2 | @a大数据应用人才能力培养新形态系列 |
| 300 | @a浙江省普通本科高校“十四五”重点教材 | |
| 330 | @a本书共三篇。第一篇是理论基础,主要内容包括电商数据分析导论、数据分析方法论;第二篇是专业方法,主要内容包括数据采集方法、数据清洗方法;第三篇是应用场景,主要内容包括运营与数据分析平台、运营诊断与复盘、宏观市场分析、市场细分及竞争分析、流量运营分析、产品运营分析、消费者运营分析、数据报告撰写与商业分析案例。 | |
| 461 | 0 | @12001 @a大数据应用人才能力培养新形态系列 |
| 606 | 0 | @a表处理软件@x应用@x电子商务@x数据处理 |
| 690 | @aF713.36@v5 | |
| 690 | @aTP274@v5 | |
| 701 | 0 | @a蒋长兵@9jiang chang bing@4编著 |
| 701 | 0 | @a陈海城@9chen hai cheng@4编著 |
| 701 | 0 | @a朱景伟@9zhu jing wei@4编著 |
| 801 | 0 | @aCN@c20250910 |
| 905 | @a河南城建学院图书馆@dF713.36@eJ550=2@ZJ550=2@f1 | |
| Excel电商数据分析与应用:微课版/蒋长兵,陈海城,朱景伟编著.-2版.-北京:人民邮电出版社,2024.08 |
| 248页:图;26cm.-(大数据应用人才能力培养新形态系列) |
| 浙江省普通本科高校“十四五”重点教材 |
| ISBN 978-7-115-63836-6:CNY59.80 |
| 本书共三篇。第一篇是理论基础,主要内容包括电商数据分析导论、数据分析方法论;第二篇是专业方法,主要内容包括数据采集方法、数据清洗方法;第三篇是应用场景,主要内容包括运营与数据分析平台、运营诊断与复盘、宏观市场分析、市场细分及竞争分析、流量运营分析、产品运营分析、消费者运营分析、数据报告撰写与商业分析案例。 |
| ● |
| 相关链接 |
|
|
|
正题名:Excel电商数据分析与应用
索取号:F713.36/J550=2
 
预约/预借
| 序号 | 登录号 | 条形码 | 馆藏地/架位号 | 状态 | 备注 |
| 1 | 1634852 | 216348520 | 社科库409/409社科库 41排6列4层/ [索取号:F713.36/J550=2] | 在馆 |